000 00522nam a2200193Ia 4500
003 OSt
005 20240613111745.0
008 210210b2002 xxu||||| |||| 00| 0 eng d
040 _cAL
041 _aHindi
082 _aH891.3 NAGB
100 _aNAGARJUN.
_d नागार्जुन
_9170417
245 _aBaba batesarnath.
_bबाबा बटेसरनाथ
260 _aNayi Dilli.
_bRajkamal Prakashan.,
_c2002
300 _a119
690 _aHindi Fiction
_9170418
906 _a058417
942 _2ddc
_cBK
999 _c105737
_d105737